| 000 | 00000nam##2200000za#4500 |
| 001 | 9.589952 |
| 003 | CaOODSP |
| 005 | 20210624195907 |
| 007 | cr ||||||||||| |
| 008 | 150406|2003||||xxc|||||o f|0| 0 fre|d |
| 022 | |a1488-5379 |
| 040 | |aCaOODSP|bfre |
| 041 | |aeng |
| 041 | |afre |
| 043 | |an-cn--- |
| 086 | 1 |aFs97-6/2530-PDF |
| 110 | 1 |aCanada. |bMinistère des pêches et des océans. |
| 245 | 10|aAtelier national des sciences 2003, Pêches et Océans Canada, Centre des pêches de l'Atlantique nord-ouest, St. John's, T.-N. / |h[ressource électronique]|cÉditeurs C.H. Stirling ... [et al.] |
| 260 | |aSt. John's - Terre-Neuve et Labrador : |bPêches et Océans Canada |c2003. |
| 300 | |a200p.|bill. en couleur |
| 490 | 1 |aRapport technique canadien des sciences halieutiques et aquatiques|x1488-5379|vN° 2530 |
| 500 | |aSur la p. de t. : Service hydrographique du Canada, Région de Terre-Neuve-et-Labrador, St-Jean, Terre-Neuve. Le numéro de catalogue et l'ISSN de l'édition imprimée apparaissent dans la version PDF. |
| 590 | |a14-06-Supp|b2014-03-21 |
| 720 | 1 |aStirling, C. H. |
| 791 | |tReport of the National Science Workshop 2003, Fisheries and Oceans Canada, Northwest Atlantic Fisheries Centre, St. John's, NL / |eeng|w(CaOODSP)9.589951 |
| 830 | #0|aRapport technique canadien des sciences halieutiques et aquatiques,|x1488-5379|vN° 2530|w(CaOODSP)9.500270 |
| 856 | 40|ahttp://publications.gc.ca|qPDF|s99.52 Mo|uhttps://publications.gc.ca/collections/collection_2014/mpo-dfo/Fs97-6-2530.pdf|yN° 2530 |